Canadian things - Statistics

General Stats
  • This quiz has been taken 6 times
  • The average score is 4 of 10
Answer Stats
Hint Answer % Correct
Singer who Like skater boys Avril Lavigne
67%
Canadian actress who stared in "Home Alone" Catherine O'hara
67%
Singer that started singing as a teen Justin Bieber
67%
Kids show with dogs that fight crime Paw Patrol
50%
Named after a hockey player Tim hortons
50%
Old phone company from the 2000s Blackberry
33%
Superhero from DC (that was made by 2 Canadian creators) Superman
33%
Food that looks like a body part of the national animal of Canada Beaver Tails
17%
Band talking about the sinking of a city in the Usa The Tragically Hip
17%
Sitcom based on "Survivor" and "Fear Factor" Total Drama
17%
No matching quizzes found
Score Distribution
Percent of People with Each Score
Percentile by Number Answered
Your Score History
You have not taken this quiz